Normal view
MARC view
- Drexl, Josef
Entry Personal Name
001 - CONTROL NUMBER
- control field: 127994
003 - CONTROL NUMBER IDENTIFIER
- control field: NUST
005 - DATE AND TIME OF LATEST TRANSACTION
- control field: 20250227105013.0
008 - FIXED-LENGTH DATA ELEMENTS
- fixed length control field: 250227|| aca||aabn | a|a d
040 ## - CATALOGING SOURCE
- Original cataloging agency: NUST
- Transcribing agency: NUST
100 ## - HEADING--PERSONAL NAME
- Personal name: Drexl, Josef
670 ## - SOURCE DATA FOUND
- Source citation: Work cat.: (NUST)0: Research handbook on intellectual property and competition law /, c2008.
